Environmental management and business strategy : leadership skills for the 21st century/

Spremljeno u:
Bibliografski detalji
Glavni autor: Piasecki, Bruce W
Format: Knjiga
Jezik:Vietnamese
Izdano: WILEY 1999
Oznake: Dodaj oznaku
Bez oznaka, Budi prvi tko označuje ovaj zapis!
Thư viện lưu trữ: Mạng thư viện Đại học Đà Nẵng
LEADER 00707nam a2200265 4500
001 000028097
003 PI-BO
005 20150403120000.0
008 150403s vm 000 vie
020 |c 0,0000 
040 |a notts 
100 |a Piasecki, Bruce W 
245 |a Environmental management and business strategy : leadership skills for the 21st century/  |c Bruce W. Piasecki, Kevin A. Fletcher, FrankJ. Mendelson. 
260 |b WILEY  |c 1999 
OWN |a LTT 
999 |a From the UDN01 
TYP |a Monograph 
TYP |a Printed language 
980 |a Mạng thư viện Đại học Đà Nẵng